[Event "Chigorin Memorial"]
[Site "St Petersburg"]
[Date "2015.10.07"]
[Round "5.5"]
[White "Turov, Maxim"]
[Black "Usmanov, Vasily"]
[Result "1/2-1/2"]
[WhiteElo "2609"]
[BlackElo "2450"]
[PlyCount "82"]
[EventDate "2015.10.03"]
[EventRounds "9"]
[EventCountry "RUS"]
[WhiteClock "0:49:37"]
[BlackClock "1:20:47"]

1. d4 Nf6 2. c4 e6 3. Nf3 Bb4+ 4. Bd2 Qe7 5. g3 Bxd2+ 6. Qxd2 Nc6 7. Nc3 d5 8.
Bg2 dxc4 9. Ne5 O-O 10. O-O Nxe5 11. dxe5 Nd7 12. Qd4 Qc5 13. Qxc5 Nxc5 14. Ne4
Nxe4 15. Bxe4 Rb8 16. Rfc1 c5 17. Rxc4 b6 18. Rd1 Ba6 19. Ra4 Bb7 20. Bxb7 Rxb7
21. Ra3 c4 22. Rc3 b5 23. b3 cxb3 24. axb3 a5 25. Rd6 a4 26. bxa4 bxa4 27. Ra6
Rb2 28. Kf1 Rb1+ 29. Kg2 Rb2 30. Kf3 Rb3 31. Rxb3 axb3 32. Rb6 h5 33. Kf4 Rc8
34. Rxb3 Rc2 35. Re3 g6 36. f3 Kg7 37. Kg5 Ra2 38. g4 hxg4 39. fxg4 Ra1 40. h4
Rg1 41. Kf4 Rh1 1/2-1/2

[Event "Chigorin Memorial"]
[Site "St Petersburg"]
[Date "2015.10.07"]
[Round "5.6"]
[White "Demchenko, Anton"]
[Black "Matinian, Nikita"]
[Result "1/2-1/2"]
[WhiteElo "2595"]
[BlackElo "2473"]
[PlyCount "83"]
[EventDate "2015.10.03"]
[EventRounds "9"]
[EventCountry "RUS"]
[WhiteClock "0:27:12"]
[BlackClock "0:26:13"]

1. e4 c5 2. Nf3 d6 3. d4 cxd4 4. Nxd4 Nf6 5. Nc3 a6 6. h3 e5 7. Nde2 b5 8. g4
b4 9. Nd5 Nxd5 10. Qxd5 Ra7 11. Be3 Be6 12. Qd2 Rb7 13. Bg2 Be7 14. Ng3 g6 15.
Bh6 Qc8 16. O-O Nd7 17. b3 Nc5 18. f4 exf4 19. Qxf4 Nd7 20. Nf5 Qc5+ 21. Kh1
gxf5 22. gxf5 Ne5 23. fxe6 fxe6 24. Bg7 Rg8 25. Qh6 Kd7 26. Qxh7 Re8 27. Qh5
Rb5 28. Rad1 Qc3 29. Bf6 Qg3 30. Bxe7 Rxe7 31. Qe2 Rh7 32. Qf2 Rxh3+ 33. Bxh3
Qxh3+ 34. Kg1 Kc6 35. Qg2 Qe3+ 36. Rf2 Rb8 37. Kf1 Rh8 38. Re1 Qc3 39. Rf4 a5
40. Rf2 a4 41. Rf4 a3 42. Rf2 1/2-1/2

[Event "Chigorin Memorial"]
[Site "St Petersburg"]
[Date "2015.10.07"]
[Round "5.7"]
[White "Tunik, Gennady"]
[Black "Sakaev, Konstantin"]
[Result "1/2-1/2"]
[WhiteElo "2420"]
[BlackElo "2594"]
[PlyCount "90"]
[EventDate "2015.10.03"]
[EventRounds "9"]
[EventCountry "RUS"]
[WhiteClock "0:27:41"]
[BlackClock "0:25:27"]

1. d4 Nf6 2. c4 g6 3. Nc3 d5 4. cxd5 Nxd5 5. e4 Nxc3 6. bxc3 Bg7 7. Be3 c5 8.
Nf3 Bg4 9. Rc1 O-O 10. Be2 Qa5 11. O-O Qxa2 12. dxc5 Nc6 13. Qc2 Qxc2 14. Rxc2
a5 15. h3 Bxf3 16. gxf3 a4 17. Ra1 a3 18. Raa2 Ra5 19. Rc1 Rfa8 20. f4 e6 21.
e5 g5 22. fxg5 Nxe5 23. Rb1 Nc6 24. Rxb7 Bxc3 25. Bh5 Rf8 26. Rb3 Bb2 27. Rb6
Rc8 28. Rb7 Ne5 29. f4 Ng6 30. Bxg6 hxg6 31. Kf2 e5 32. fxe5 Bxe5 33. Rb4 Bb2
34. h4 Ra6 35. Kf3 Kf8 36. Rc4 Ke8 37. Bc1 Bxc1 38. Rxc1 Kd7 39. Rc3 Rca8 40.
c6+ Kc7 41. Kg3 Ra4 42. Kh3 Rh8 43. Raxa3 Rhxh4+ 44. Kg3 Rhg4+ 45. Kh3 Rh4+
1/2-1/2

[Event "Chigorin Memorial"]
[Site "St Petersburg"]
[Date "2015.10.07"]
[Round "5.8"]
[White "Smirnov, Artem"]
[Black "Andriasian, Zaven"]
[Result "1/2-1/2"]
[WhiteElo "2419"]
[BlackElo "2591"]
[PlyCount "82"]
[EventDate "2015.10.03"]
[EventRounds "9"]
[EventCountry "RUS"]
[WhiteClock "0:29:08"]
[BlackClock "0:27:16"]

1. d4 Nf6 2. c4 c5 3. d5 e6 4. Nc3 exd5 5. cxd5 d6 6. Nf3 g6 7. Bf4 a6 8. a4
Bg7 9. h3 O-O 10. e3 Qe7 11. Nd2 Nbd7 12. Be2 Ne8 13. O-O f5 14. Re1 Ne5 15.
Bh2 Nf6 16. a5 Bd7 17. Qc2 Kh8 18. Bf1 Rae8 19. Rad1 g5 20. f4 Nf7 21. Bd3 gxf4
22. Bxf4 Ne5 23. Bxe5 Qxe5 24. Nf3 Qe7 25. Bxf5 Bxf5 26. Qxf5 Nd7 27. Qh5 Bf6
28. Nd2 Qg7 29. Qg4 Qxg4 30. hxg4 Ne5 31. Nde4 Nxg4 32. Nxd6 Rxe3 33. Rf1 Kg8
34. Nf5 Re5 35. d6 Bg5 36. d7 Rexf5 37. Rxf5 Rxf5 38. d8=Q+ Bxd8 39. Rxd8+ Kg7
40. Rd7+ Rf7 41. Rd5 Kg6 1/2-1/2

[Event "Chigorin Memorial"]
[Site "St Petersburg"]
[Date "2015.10.07"]
[Round "5.9"]
[White "Sarana, Alexey"]
[Black "Esen, Baris"]
[Result "1/2-1/2"]
[WhiteElo "2413"]
[BlackElo "2570"]
[PlyCount "81"]
[EventDate "2015.10.03"]
[EventRounds "9"]
[EventCountry "RUS"]
[WhiteClock "0:40:41"]
[BlackClock "0:37:44"]

1. Nf3 Nf6 2. c4 e6 3. d4 Bb4+ 4. Nbd2 b6 5. a3 Bxd2+ 6. Qxd2 Bb7 7. e3 O-O 8.
Be2 Ne4 9. Qc2 f5 10. b4 d6 11. O-O Rf6 12. d5 c5 13. Bb2 Rg6 14. bxc5 bxc5 15.
Qb3 Ba6 16. Rad1 Nd7 17. dxe6 Rxe6 18. Nd2 Rb8 19. Qc2 Bb7 20. f3 Nxd2 21. Qxf5
Nxf3+ 22. Bxf3 Qe7 23. Bg4 Rg6 24. Rf2 Rf8 25. Qxd7 Qxd7 26. Bxd7 Rxf2 27. Kxf2
Rxg2+ 28. Ke1 Rxb2 29. Rxd6 Rb6 30. Rd2 Kf7 31. Bf5 g6 32. Rd7+ Ke8 33. Bh3 h5
34. Rc7 Rb2 35. Be6 Bf3 36. Bf7+ Kd8 37. Rxc5 Rxh2 38. Bxg6 Re2+ 39. Kf1 Rxe3
40. Bxh5 Bxh5 41. Rxh5 1/2-1/2

[Event "Chigorin Memorial"]
[Site "St Petersburg"]
[Date "2015.10.07"]
[Round "5.10"]
[White "Guseva, Marina"]
[Black "Lintchevski, Daniil"]
[Result "1-0"]
[WhiteElo "2411"]
[BlackElo "2562"]
[PlyCount "161"]
[EventDate "2015.10.03"]
[EventRounds "9"]
[EventCountry "RUS"]
[WhiteClock "0:02:48"]
[BlackClock "0:08:39"]

1. d4 Nf6 2. c4 e6 3. Nc3 Bb4 4. Nf3 O-O 5. Bg5 h6 6. Bh4 b6 7. Rc1 Bb7 8. e3
d6 9. Nd2 Nbd7 10. a3 Bxc3 11. Rxc3 Re8 12. f3 e5 13. d5 g5 14. Bf2 e4 15. Be2
b5 16. O-O bxc4 17. Nxe4 Nxe4 18. fxe4 Nb6 19. Bh5 Re7 20. Be1 Nd7 21. Rc2 f6
22. Qd4 Kg7 23. Qxc4 Ne5 24. Qb5 Qc8 25. Be2 c6 26. dxc6 Bxc6 27. Qb4 Qe6 28.
Bc3 a5 29. Qd4 a4 30. Rd2 Rd7 31. Qb4 Rad8 32. h3 Rb7 33. Qd4 Rbd7 34. Rfd1 Rb7
35. Bb4 Nf7 36. Rf1 Ne5 37. Bc3 Rbd7 38. Qb6 Bxe4 39. Bb5 Kg6 40. Bxd7 Rxd7 41.
Bxe5 Qxe5 42. Qd4 d5 43. Qxa4 Rd6 44. Qd4 Qg3 45. Rdf2 f5 46. Rc1 Rf6 47. Rc8
Qd6 48. Rf1 Qa6 49. Rcc1 h5 50. Qd2 Qb6 51. b4 Qa7 52. Rc3 g4 53. h4 g3 54. Rf4
Kh6 55. Qd4 Qe7 56. b5 Kg6 57. Rf1 Re6 58. Rf4 Qd8 59. Rc6 Rxc6 60. bxc6 Qc7
61. Qh8 Qxc6 62. Qg8+ Kf6 63. Qg5+ Kf7 64. Qxg3 Qc1+ 65. Rf1 Qxa3 66. Qg5 Ke6
67. Kh2 Qb2 68. Qg3 Kd7 69. Rf2 Qa1 70. Qb8 Qf6 71. Qf4 Qa1 72. Rd2 Qa3 73. Qh6
Kc7 74. Qg7+ Kc6 75. Qf6+ Kc7 76. Rb2 Qxe3 77. Qe7+ Kc6 78. Qb7+ Kd6 79. Rb6+
Kc5 80. Rc6+ Kd4 81. Qb2+ 1-0

[Event "Chigorin Memorial"]
[Site "St Petersburg"]
[Date "2015.10.07"]
[Round "5.11"]
[White "Khusenkhojaev, Muhammad"]
[Black "Eliseev, Urii"]
[Result "0-1"]
[WhiteElo "2398"]
[BlackElo "2536"]
[PlyCount "88"]
[EventDate "2015.10.03"]
[EventRounds "9"]
[EventCountry "RUS"]
[WhiteClock "0:22:50"]
[BlackClock "0:29:05"]

1. Nf3 Nf6 2. c4 g6 3. g3 b6 4. Bg2 Bb7 5. O-O Bg7 6. Nc3 O-O 7. Re1 c5 8. e4
Nc6 9. d3 d6 10. h3 Nd7 11. Bg5 Nde5 12. Nh2 Nd4 13. Be3 a6 14. a4 e6 15. Rb1
Nec6 16. Ne2 Nxe2+ 17. Rxe2 Qd7 18. Nf3 e5 19. Ne1 Nd4 20. Bxd4 cxd4 21. b4 Kh8
22. a5 b5 23. cxb5 axb5 24. Rc2 Bh6 25. h4 Rac8 26. Rbb2 Rce8 27. Kh2 f5 28.
Ra2 f4 29. Bh3 Qe7 30. a6 Ba8 31. Ra5 fxg3+ 32. fxg3 d5 33. Rxb5 dxe4 34. Bg2
e3 35. Bxa8 Rxa8 36. Rb7 Qe6 37. Rcc7 Rf2+ 38. Ng2 Rxa6 39. Rb8+ Bf8 40. Rcc8
Kg8 41. Rc2 Ra2 42. Rxf2 Rxf2 43. b5 Qd5 44. Qg1 Qf3 0-1

[Event "Chigorin Memorial"]
[Site "St Petersburg"]
[Date "2015.10.07"]
[Round "5.12"]
[White "Matsenko, Sergei"]
[Black "Lobanov, Sergei"]
[Result "1/2-1/2"]
[WhiteElo "2531"]
[BlackElo "2394"]
[PlyCount "110"]
[EventDate "2015.10.03"]
[EventRounds "9"]
[EventCountry "RUS"]
[WhiteClock "0:06:12"]
[BlackClock "0:10:28"]

1. Nf3 d5 2. d4 Nf6 3. c4 e6 4. Nc3 Be7 5. Bf4 O-O 6. e3 b6 7. cxd5 exd5 8. Be2
Bb7 9. h3 c5 10. O-O Na6 11. Qa4 Nc7 12. dxc5 bxc5 13. Rad1 Ne6 14. Be5 Qb6 15.
Bxf6 Bxf6 16. Nxd5 Bxd5 17. Rxd5 Qxb2 18. Bd3 Qb4 19. Qc2 g6 20. Rb1 Qc3 21.
Qxc3 Bxc3 22. Rc1 Bb2 23. Rc2 Bf6 24. Bc4 Rfd8 25. Rxd8+ Nxd8 26. Bd5 Rc8 27.
Nd2 Ne6 28. Kf1 Rd8 29. Bb3 Be7 30. Ke2 Kg7 31. Bxe6 fxe6 32. Rc3 Kf7 33. Nc4
Rb8 34. Ra3 Rb7 35. Ra6 Kf6 36. Kd3 h5 37. Kc2 Rb4 38. Kc3 Rb7 39. Na5 Rd7 40.
Nb3 Ke5 41. Kc4 g5 42. Rc6 Rd1 43. Rc7 Bd6 44. Rd7 h4 45. Na5 Ke4 46. Kb3 Rb1+
47. Kc2 Ra1 48. Rxd6 Rxa2+ 49. Kc3 Rxa5 50. Rxe6+ Kf5 51. Rc6 Ra2 52. Rxc5+ Kg6
53. Rc6+ Kg7 54. Rc7+ Kg6 55. Rc6+ Kg7 1/2-1/2

[Event "Chigorin Memorial"]
[Site "St Petersburg"]
[Date "2015.10.07"]
[Round "5.13"]
[White "Khanin, Semen"]
[Black "Levin, Evgeny A"]
[Result "1/2-1/2"]
[WhiteElo "2359"]
[BlackElo "2508"]
[PlyCount "131"]
[EventDate "2015.10.03"]
[EventRounds "9"]
[EventCountry "RUS"]

1. e4 c5 2. Nf3 d6 3. d4 cxd4 4. Nxd4 Nf6 5. Nc3 a6 6. Be3 Ng4 7. Bc1 Nf6 8.
Be3 Ng4 9. Bc1 Nc6 10. Nb3 Nf6 11. Be3 Ng4 12. Bc1 Nf6 13. Be3 e6 14. f3 b5 15.
Qd2 Be7 16. O-O-O O-O 17. g4 Nd7 18. f4 Qc7 19. g5 Nc5 20. Nxc5 dxc5 21. Qf2
Nd4 22. Ne2 Nxe2+ 23. Bxe2 Bb7 24. Bf3 Rad8 25. Bg2 Qa5 26. Kb1 Rxd1+ 27. Rxd1
Rd8 28. Rxd8+ Qxd8 29. Kc1 Qa5 30. Qd2 Qxd2+ 31. Kxd2 f5 32. gxf6 gxf6 33. b3
f5 34. Ke2 fxe4 35. Bd2 c4 36. bxc4 bxc4 37. Be3 Kf7 38. Bd4 Ba3 39. Bh3 Bd5
40. Be5 Kg6 41. c3 Bc1 42. Kd1 Be3 43. Ke2 Bb6 44. Bg4 a5 45. a4 h5 46. Bh3 Kf7
47. f5 exf5 48. Bxf5 Bc6 49. h3 Bxa4 50. Bxe4 Ke6 51. Bf4 Bb3 52. Kd2 a4 53.
Kc1 h4 54. Bg5 Bf2 55. Kb2 Bg3 56. Bf3 Kf5 57. Be7 Kf4 58. Bc6 Ke3 59. Bd7 Kd2
60. Bg5+ Kd1 61. Be7 Ke2 62. Be8 Be5 63. Bxh4 Bd6 64. Bh5+ Kf1 65. Bf6 a3+ 66.
Kb1 1/2-1/2

[Event "Chigorin Memorial"]
[Site "St Petersburg"]
[Date "2015.10.07"]
[Round "5.14"]
[White "Kharchenko, Boris"]
[Black "Sanzhaev, Darsen"]
[Result "1/2-1/2"]
[WhiteElo "2500"]
[BlackElo "2378"]
[PlyCount "64"]
[EventDate "2015.10.03"]
[EventRounds "9"]
[EventCountry "RUS"]

1. e4 c5 2. Nf3 Nc6 3. Bb5 g6 4. O-O Bg7 5. Re1 Nf6 6. c3 O-O 7. h3 e5 8. Bxc6
bxc6 9. d4 cxd4 10. cxd4 d5 11. Nxe5 Nxe4 12. Nc3 c5 13. Nc6 Qf6 14. Nxe4 dxe4
15. d5 Bd7 16. Qc2 Rfc8 17. Re2 Bxc6 18. dxc6 Qxc6 19. Rxe4 c4 20. Rb1 Rab8 21.
Re1 Qa6 22. b3 h5 23. bxc4 Rxb1 24. Qxb1 Qxc4 25. Be3 a6 26. Rc1 Qe6 27. Rxc8+
Qxc8 28. Qb3 Qc6 29. Qb8+ Kh7 30. Qb3 Kg8 31. Qb8+ Kh7 32. Qb3 Kg8 1/2-1/2

[Event "Chigorin Memorial"]
[Site "St Petersburg"]
[Date "2015.10.07"]
[Round "5.15"]
[White "Biriukov, Oleg V"]
[Black "Volodin, Aleksandr"]
[Result "0-1"]
[WhiteElo "2323"]
[BlackElo "2491"]
[PlyCount "88"]
[EventDate "2015.10.03"]
[EventRounds "9"]
[EventCountry "RUS"]

1. d4 g6 2. e4 Bg7 3. c4 c5 4. Ne2 Qa5+ 5. Nbc3 Nf6 6. f3 O-O 7. Be3 d6 8. Nc1
Qc7 9. Nb3 b6 10. Be2 e5 11. dxe5 dxe5 12. Nd5 Qd6 13. Bg5 Rd8 14. O-O Bb7 15.
Qc2 Nc6 16. Rad1 Nd4 17. Nxd4 cxd4 18. Qd2 Re8 19. Nxf6+ Bxf6 20. Bxf6 Qxf6 21.
Bd3 g5 22. b4 a5 23. Rb1 Bc8 24. c5 axb4 25. cxb6 Qxb6 26. Qxg5+ Qg6 27. Qxg6+
hxg6 28. Bc4 Be6 29. Rxb4 Bxc4 30. Rxc4 Rxa2 31. Rf2 Rea8 32. Rc8+ Kg7 33. Rxa8
Rxa8 34. Rb2 f5 35. Kf2 Ra3 36. h4 fxe4 37. fxe4 Re3 38. Re2 Rc3 39. Ra2 Rc5
40. Ra7+ Kh6 41. g4 Rc2+ 42. Kf1 Rh2 43. Re7 d3 44. Rxe5 Rh1+ 0-1

[Event "Chigorin Memorial"]
[Site "St Petersburg"]
[Date "2015.10.07"]
[Round "5.16"]
[White "Yeletsky, Ivan"]
[Black "Aleksandrov, Aleksej"]
[Result "0-1"]
[WhiteElo "2342"]
[BlackElo "2606"]
[PlyCount "64"]
[EventDate "2015.10.03"]
[EventRounds "9"]
[EventCountry "RUS"]

1. e4 e5 2. Nc3 Nf6 3. Bc4 Nxe4 4. Qh5 Nd6 5. Bb3 Be7 6. Qxe5 O-O 7. d4 Nc6 8.
Qf4 b5 9. a3 a5 10. Nd5 Re8 11. Ne2 b4 12. Be3 Ba6 13. Qf3 Bf8 14. O-O Bxe2 15.
Qxe2 Nxd4 16. Qd3 Nxb3 17. cxb3 c6 18. Nf4 bxa3 19. bxa3 Ne4 20. Rfc1 Rb8 21.
Rc4 Qf6 22. Rf1 d5 23. Ra4 Qb2 24. Rb1 Qc3 25. Qd1 Qe5 26. Qc2 c5 27. Rxa5 d4
28. Nd3 Qd5 29. Bf4 Nc3 30. Bxb8 Nxb1 31. Bg3 Nc3 32. Kh1 Qf5 0-1

[Event "Chigorin Memorial"]
[Site "St Petersburg"]
[Date "2015.10.07"]
[Round "5.17"]
[White "Goganov, Aleksey"]
[Black "Gevorgyan, David Sh"]
[Result "1-0"]
[WhiteElo "2603"]
[BlackElo "2359"]
[PlyCount "85"]
[EventDate "2015.10.03"]
[EventRounds "9"]
[EventCountry "RUS"]

1. e4 c5 2. Nf3 d6 3. d4 cxd4 4. Nxd4 Nf6 5. Nc3 Bd7 6. Bg5 e6 7. f4 Be7 8. Qd3
a6 9. O-O-O Nc6 10. Nf3 h6 11. Bh4 g5 12. fxg5 Ng4 13. Bg3 Nge5 14. Nxe5 Nxe5
15. Qd4 hxg5 16. Be2 Qa5 17. Rhf1 f6 18. h3 Rc8 19. Kb1 Qc5 20. Qd2 b5 21. Bd3
Qb4 22. Be1 Rc6 23. Qc1 Qc5 24. Ne2 Qb6 25. Bf2 Qb7 26. Nd4 Rc8 27. Qe3 a5 28.
Qe2 Rb8 29. Be1 Qb6 30. Nf3 b4 31. h4 Nxf3 32. Qxf3 gxh4 33. Qg4 Rf8 34. Bc4 f5
35. exf5 exf5 36. Qg6+ Kd8 37. Bxh4 Bxh4 38. Rxd6 Qc5 39. Rfd1 Qxc4 40. Qg7 Rf7
41. Rxd7+ Ke8 42. Qh8+ Rf8 43. Qe5+ 1-0

[Event "Chigorin Memorial"]
[Site "St Petersburg"]
[Date "2015.10.07"]
[Round "5.18"]
[White "Tukhaev, Adam"]
[Black "Derakhshani, Dorsa"]
[Result "1/2-1/2"]
[WhiteElo "2569"]
[BlackElo "2356"]
[PlyCount "155"]
[EventDate "2015.10.03"]
[EventRounds "9"]
[EventCountry "RUS"]

1. e4 e5 2. Nf3 Nc6 3. Bb5 a6 4. Ba4 Nf6 5. d3 d6 6. c3 g6 7. O-O Bg7 8. Nbd2
O-O 9. Re1 b5 10. Bb3 Na5 11. Bc2 c5 12. Nf1 Qc7 13. a4 Bd7 14. Ne3 Rfe8 15.
Bd2 Qb7 16. axb5 axb5 17. b4 cxb4 18. cxb4 Nc6 19. Bb3 h6 20. h3 Ra6 21. Bc3
Rea8 22. Rxa6 Rxa6 23. Qb1 Be6 24. Bxe6 fxe6 25. Qb3 Qe7 26. Rc1 Nd7 27. Bd2
Kh7 28. Nc2 Nf8 29. h4 Qa7 30. g3 Qa8 31. Bc3 Ra2 32. Ra1 Rxa1+ 33. Bxa1 Bf6
34. Bb2 Kg7 35. Bc1 Nd4 36. Ncxd4 exd4 37. Qc2 Qb7 38. Kg2 Kh7 39. Bb2 e5 40.
Qb3 Kg7 41. Bc1 Kh7 42. Ne1 Kg7 43. Nc2 Qc8 44. Bd2 Ne6 45. Qa2 h5 46. Ne1 Qd7
47. Nf3 Nc7 48. Qa7 Kf7 49. Bg5 Bxg5 50. Nxg5+ Ke7 51. Qb8 Qd8 52. Qb6 Qd7 53.
Kh2 Qc8 54. Qc6 Qd7 55. Qc1 Ne6 56. Nxe6 Kxe6 57. Qh6 Qf7 58. Kg2 d5 59. exd5+
Kxd5 60. Qh8 Qf5 61. Qa8+ Kd6 62. Qa6+ Kc7 63. Qxb5 e4 64. Qc4+ Kb7 65. dxe4
Qxe4+ 66. Kh2 Kb6 67. b5 Ka5 68. Kg1 Qe1+ 69. Kg2 Qc3 70. Qc6 Qxc6+ 71. bxc6
Kb6 72. Kf3 Kxc6 73. Ke4 Kc5 74. Kd3 Kd5 75. f3 Kc5 76. g4 hxg4 77. fxg4 Kd5
78. h5 1/2-1/2

[Event "Chigorin Memorial"]
[Site "St Petersburg"]
[Date "2015.10.07"]
[Round "5.19"]
[White "Belous, Vladimir"]
[Black "Musaev, Rasul"]
[Result "1-0"]
[WhiteElo "2566"]
[BlackElo "2351"]
[PlyCount "183"]
[EventDate "2015.10.03"]
[EventRounds "9"]
[EventCountry "RUS"]

1. Nf3 Nf6 2. c4 e6 3. g3 d5 4. Bg2 dxc4 5. Qa4+ Nbd7 6. Qxc4 c5 7. Qb3 Bd6 8.
Nc3 a6 9. d3 Qc7 10. Nd2 Rb8 11. a4 b6 12. Nc4 O-O 13. O-O Bb7 14. Bxb7 Rxb7
15. Bd2 Nb8 16. Bg5 Nbd7 17. Rfc1 h6 18. Be3 Rc8 19. Qa2 Be5 20. Nxe5 Qxe5 21.
Qc4 Ra7 22. d4 Qh5 23. f3 Raa8 24. dxc5 bxc5 25. a5 Rcb8 26. Na4 Rb4 27. Qc2
Rc8 28. Qd2 Rb5 29. Nc3 Rb7 30. Qd6 Qe5 31. Qxe5 Nxe5 32. Na4 Rb5 33. Rxc5
Rcxc5 34. Bxc5 Nc6 35. e4 Nxa5 36. Rd1 Nc4 37. Bd4 Rb4 38. Ra1 Rb3 39. Bc3 Nd7
40. Kf2 Kf8 41. Rd1 Rb7 42. Rd4 Rc7 43. Ke2 Ke7 44. f4 Rc6 45. Bb4+ Ke8 46. Nc5
a5 47. Nxd7 axb4 48. Nb8 Rc8 49. b3 Na5 50. Rxb4 Rc3 51. Ra4 Rxb3 52. Na6 Nb7
53. e5 Ke7 54. Rc4 Rb6 55. Rc7+ Ke8 56. Nb8 Nd8 57. Rc8 Ke7 58. Kf3 Rb3+ 59.
Kg4 Rb2 60. h3 Rb6 61. Kh4 Rb3 62. g4 Rb5 63. Kh5 Rd5 64. Rc4 Rb5 65. Rc7+ Ke8
66. Rc8 Ke7 67. h4 Rd5 68. Rc4 Rb5 69. Rc7+ Ke8 70. Rc8 Ke7 71. g5 hxg5 72.
Kxg5 Rb1 73. h5 Rg1+ 74. Kh4 Rh1+ 75. Kg4 Rg1+ 76. Kf3 Rh1 77. Rc7+ Ke8 78. Nd7
Rxh5 79. Nb6 Rh3+ 80. Kg4 Rb3 81. Nc8 Rb8 82. Nd6+ Kf8 83. Ra7 f6 84. exf6 gxf6
85. Kh5 Rb6 86. Rd7 Nc6 87. Rf7+ Kg8 88. Kg6 Rb1 89. Rc7 Rg1+ 90. Kxf6 Nd4 91.
Nf7 Nf5 92. Rc8+ 1-0

[Event "Chigorin Memorial"]
[Site "St Petersburg"]
[Date "2015.10.07"]
[Round "5.20"]
[White "Can, Emre"]
[Black "Zakaryan, David"]
[Result "1-0"]
[WhiteElo "2531"]
[BlackElo "2335"]
[PlyCount "69"]
[EventDate "2015.10.03"]
[EventRounds "9"]
[EventCountry "RUS"]

1. Nf3 Nf6 2. c4 g6 3. Nc3 d5 4. cxd5 Nxd5 5. Qb3 Nb6 6. d4 Be6 7. Qc2 Bg7 8.
e4 O-O 9. Be3 Bg4 10. Ne5 Be6 11. f4 f5 12. h4 Bxe5 13. fxe5 fxe4 14. h5 Nc6
15. hxg6 Nb4 16. Qxe4 Bf5 17. Qh4 Bxg6 18. O-O-O Qd7 19. Qh3 Rad8 20. a3 Qxh3
21. gxh3 N4d5 22. Bh6 Rf2 23. Rd2 Rxd2 24. Bxd2 c6 25. h4 Nc7 26. Ne2 Ne6 27.
Bh3 Nxd4 28. Nxd4 Rxd4 29. Be6+ Kf8 30. h5 Re4 31. hxg6 hxg6 32. Rh8+ Kg7 33.
Re8 g5 34. Rg8+ Kh7 35. Rxg5 1-0

[Event "Chigorin Memorial"]
[Site "St Petersburg"]
[Date "2015.10.07"]
[Round "5.21"]
[White "Ovod, Evgenija"]
[Black "Stupak, Kirill"]
[Result "0-1"]
[WhiteElo "2328"]
[BlackElo "2531"]
[PlyCount "60"]
[EventDate "2015.10.03"]
[EventRounds "9"]
[EventCountry "RUS"]

1. d4 Nf6 2. Bg5 d5 3. e3 g6 4. c4 Bg7 5. Nc3 c5 6. dxc5 Qa5 7. Bxf6 Bxf6 8.
Rc1 O-O 9. cxd5 Nd7 10. Nf3 Nxc5 11. Nd4 Bd7 12. Bc4 b5 13. Nb3 Nxb3 14. Bxb3
b4 15. Ne4 Bxb2 16. Rc2 Bg7 17. O-O Rac8 18. Rxc8 Rxc8 19. Qf3 Qd8 20. Ng5 Qe8
21. d6 e6 22. Qe4 a5 23. f4 Bc6 24. Qb1 Rd8 25. f5 Rxd6 26. Nxe6 Kh8 27. Nxg7
Qxe3+ 28. Kh1 Bxg2+ 29. Kxg2 Rd2+ 30. Kh1 Qh3 0-1

[Event "Chigorin Memorial"]
[Site "St Petersburg"]
[Date "2015.10.07"]
[Round "5.22"]
[White "Predke, Alexandr"]
[Black "Kenneskog, Theodor"]
[Result "1-0"]
[WhiteElo "2527"]
[BlackElo "2334"]
[PlyCount "111"]
[EventDate "2015.10.03"]
[EventRounds "9"]
[EventCountry "RUS"]

1. c4 c5 2. Nc3 Nc6 3. Nf3 g6 4. g3 Bg7 5. Bg2 e5 6. O-O d6 7. a3 Nge7 8. Rb1
a5 9. d3 O-O 10. Ne1 Be6 11. Nc2 d5 12. cxd5 Nxd5 13. Ne3 Nde7 14. Nc4 Rb8 15.
Nb5 b6 16. Bg5 f6 17. Bd2 Qd7 18. Re1 Rfd8 19. Qc2 Nf5 20. Bc3 Rdc8 21. b4 axb4
22. axb4 Ncd4 23. Bxd4 cxd4 24. Qa4 Qe8 25. Rec1 Bh6 26. Rc2 Ra8 27. Qxa8 Rxa8
28. Nc7 Qa4 29. Rcb2 Bxc4 30. Nxa8 Be6 31. Nxb6 Qb5 32. Na8 Bd7 33. Nc7 Qb8 34.
Nd5 Kf7 35. b5 Nd6 36. b6 Bc6 37. Rc2 Qb7 38. Ra1 Bxd5 39. Ra7 Bxg2 40. f3 Ke6
41. Rxb7 Nxb7 42. Kxg2 Kd6 43. Rc7 Nd8 44. Rxh7 Bf8 45. b7 Nc6 46. h4 Ke6 47.
g4 Bd6 48. h5 gxh5 49. gxh5 Nd8 50. Rg7 Nf7 51. Kh3 Nh6 52. Rg6 Nf7 53. Rg8 Kf5
54. Kh4 Nh6 55. Rd8 Bc7 56. Rd7 1-0

[Event "Chigorin Memorial"]
[Site "St Petersburg"]
[Date "2015.10.07"]
[Round "5.23"]
[White "Iljiushenok, Ilia"]
[Black "Yandarbiev, Ruslan"]
[Result "1/2-1/2"]
[WhiteElo "2491"]
[BlackElo "2344"]
[PlyCount "123"]
[EventDate "2015.10.03"]
[EventRounds "9"]
[EventCountry "RUS"]

1. e4 c5 2. Nf3 d6 3. d4 Nf6 4. Nc3 cxd4 5. Nxd4 a6 6. Bg5 Nbd7 7. Qe2 e6 8.
O-O-O Be7 9. f4 Qc7 10. g4 b5 11. Bxf6 gxf6 12. Qe3 Nc5 13. Kb1 b4 14. Nce2
Nxe4 15. Bg2 d5 16. Bxe4 dxe4 17. Ng3 Bb7 18. Nxe4 Rc8 19. Rhe1 O-O 20. g5 Bxe4
21. Qxe4 fxg5 22. fxg5 Rfd8 23. h4 Rd5 24. Rf1 Bf8 25. h5 Qe5 26. Qxe5 Rxe5 27.
Rg1 Bg7 28. Rd2 Rd5 29. Nf3 Rcd8 30. Rxd5 Rxd5 31. a4 bxa3 32. bxa3 Rb5+ 33.
Kc1 Bb2+ 34. Kd2 Bxa3 35. g6 hxg6 36. hxg6 fxg6 37. Rxg6+ Kf7 38. Rg1 Be7 39.
Ra1 a5 40. c4 Rf5 41. Ke3 Bb4 42. Ra2 Ke7 43. Nd4 Bc5 44. Ke4 Bxd4 45. Kxd4 Kd6
46. Ra1 Rh5 47. Ra2 Kc6 48. Ra1 Rc5 49. Ra2 e5+ 50. Kc3 Kb6 51. Rb2+ Kc7 52.
Ra2 Kd6 53. Kd3 Ke6 54. Ra1 Ke7 55. Ra2 Kd6 56. Ra1 Ke6 57. Ra2 Kf5 58. Rf2+
Ke6 59. Ra2 Kf5 60. Rf2+ Kg4 61. Ke4 Rxc4+ 62. Kxe5 1/2-1/2

[Event "Chigorin Memorial"]
[Site "St Petersburg"]
[Date "2015.10.07"]
[Round "5.24"]
[White "Paravyan, David"]
[Black "Esenov, Annaberdi"]
[Result "1-0"]
[WhiteElo "2486"]
[BlackElo "2323"]
[PlyCount "157"]
[EventDate "2015.10.03"]
[EventRounds "9"]
[EventCountry "RUS"]

1. d4 Nf6 2. c4 g6 3. g3 Bg7 4. Bg2 d6 5. Nf3 O-O 6. O-O Nc6 7. Nc3 e5 8. d5
Na5 9. c5 e4 10. Ng5 dxc5 11. Ngxe4 Nxe4 12. Nxe4 b6 13. Bg5 f6 14. Bf4 Bd7 15.
Rc1 Rc8 16. Qd2 g5 17. Be3 Nb7 18. b4 cxb4 19. Qxb4 h6 20. f4 g4 21. f5 h5 22.
Qa3 Qe8 23. Bd4 Nd6 24. Nxd6 cxd6 25. e4 Bb5 26. Rxc8 Qxc8 27. Rc1 Qd7 28. Be3
Rc8 29. h4 gxh3 30. Bf3 Rc4 31. Rxc4 Bxc4 32. Kh2 Qb5 33. Kxh3 Be2 34. Bf4 Qb1
35. Kh2 Qc2 36. Bg2 Bd3 37. Qb4 Qxa2 38. Kg1 Bf8 39. Bxd6 Qb1+ 40. Qxb1 Bxb1
41. Bb8 Bc5+ 42. Kh2 a5 43. d6 Kf7 44. Bc7 Ke8 45. Bf1 Kd7 46. Bb5+ Kc8 47.
Ba6+ Kd7 48. Bb5+ Kc8 49. e5 fxe5 50. f6 Ba2 51. Be8 e4 52. f7 Bxf7 53. Bxf7 e3
54. Bxh5 a4 55. Bg4+ Kb7 56. Bf3+ Kc8 57. Bg4+ Kb7 58. Bd8 Bxd6 59. Bg5 Bc5 60.
Kg2 Kc6 61. Kf3 Kd5 62. Bh5 Kc4 63. Ke2 Kc3 64. g4 b5 65. Bf7 Bd4 66. Bxe3 Bg7
67. Kd1 Kb2 68. Bc1+ Kb1 69. Bg6+ Ka2 70. Bf7+ Kb1 71. Be8 Bf8 72. Bxb5 a3 73.
Bd3+ Ka1 74. Kc2 Be7 75. Bd2 Bf6 76. Bc3+ Bxc3 77. Kxc3 a2 78. Bc4 Kb1 79.
Bxa2+ 1-0

[Event "Chigorin Memorial"]
[Site "St Petersburg"]
[Date "2015.10.07"]
[Round "5.25"]
[White "Atabayev, Maksat"]
[Black "Schekachikhin, Maksim"]
[Result "1-0"]
[WhiteElo "2483"]
[BlackElo "2320"]
[PlyCount "69"]
[EventDate "2015.10.03"]
[EventRounds "9"]
[EventCountry "RUS"]

1. e4 c5 2. Nf3 e6 3. d4 cxd4 4. Nxd4 Nc6 5. Nc3 Qc7 6. g3 a6 7. Bg2 Nge7 8.
Nb3 Ng6 9. O-O Be7 10. f4 d6 11. a4 b6 12. Be3 Bd7 13. h4 h6 14. h5 Nf8 15. Qg4
g6 16. hxg6 Nxg6 17. Qh5 Rb8 18. Rad1 Na5 19. Bd4 Rg8 20. Qxh6 Nf8 21. Rd3 Nc4
22. Rdf3 b5 23. axb5 axb5 24. f5 Bg5 25. Qh5 Ne5 26. Bxe5 dxe5 27. Bh3 Rg7 28.
fxe6 Qb6+ 29. Kg2 Bxe6 30. Bxe6 Qxe6 31. Rf5 Nh7 32. Nc5 Qe7 33. Nd3 Nf6 34.
Rxf6 Bxf6 35. Nd5 1-0